000 01245cam a22003857a 4500
003 CHAP
005 20220817043121.0
008 971013s1988 r 00010 d
010 _a66190
011 _a67162
035 _a76632
040 _cCHAP
082 _a634.9745
_bF36
110 _aFAO
245 1 0 _aJessenia and Oenocarpus
_b: neotropical oil palms Worthy of domestication
260 _aRome :
_bFAO,
_c1988
300 _a191 p.
_b: ilus.
490 0 _aFAO. Producción y protección vegetal
_v; 88
590 _aBATCH-UPD
_b10
_c20130110
_lUCH01
_h0238
590 _aBATCH-UPD
_b10
_c20130110
_lUCH01
_h1302
590 _aBATCH-UPD
_b10
_c20130409
_lUCH01
_h2305
590 _aBATCH-UPD
_b10
_c20130410
_lUCH01
_h1358
590 _aBATCH-UPD
_b10
_c20130914
_lUCH01
_h0527
590 _aCONVERSION
_b10
_c20130109
_lUCH01
_h1336
650 1 4 _aBotánica económica
_xTrópicos.
_914677
650 1 4 _aJessenia.
_961414
650 1 4 _aOenocarpus.
_982769
650 1 4 _aPalmas.
_984969
650 1 4 _aPlantas oleaginosas.
_989032
700 0 _aBalick, Michael J.
_99693
830 0 _aFAO. Producción y protección vegetal
_v; 88
_939654
901 _aBK
942 _cLIBRO
949 _a634.9745 F36
_bBC
_cFAO
_d-29488
_eFAO1
_h74804
_i76632
_si
999 _c66190
_d66190